[Event "XXVII RUS-chT Premier 2020"]
[Site "Sochi"]
[Date "2020.11.20"]
[Round "2.12"]
[White "Kornev, Alexei"]
[Black "Sarana, Alexey"]
[Result "0-1"]
[WhiteElo "2515"]
[BlackElo "2636"]
[Annotator "TA"]
[PlyCount "140"]
[EventDate "2020.11.19"]
[EventType "team-tourn"]
[EventCountry "RUS"]
[SourceTitle "playchess.com"]
[Source "ChessBase"]
[SourceQuality "1"]

{[%evp 23,140,0,0,-5,-5,-5,-5,-5,-5,-5,0,-9,0,0,0,0,0,0,0,0,0,0,0,0,2,0,0,0,0,0,0,0,0,0,0,0,0,-8,-8,-8,-8,-10,-11,-16,-13,-17,-17,-16,-12,-34,-31,-20,-27,-49,-5,-24,-10,-16,0,-50,-50,-51,-52,-65,-52,-61,-50,-82,-55,-55,-55,-65,-55,-65,-65,-65,-55,-55,-55,-301,-300,-291,-243,-328,-341,-332,-327,-320,-233,-518,-366,-522,-507,-514,-487,-1185,-1179,-827,-766,-1236,-1239,-1383,-1298,-1141,-1037,-2194,-2065,-1598,-1220,-29981,-29982,-29982,-29983,-29985,-29986,-29986,-29987,-29986,-29982]} 1. d4 Nf6 2. c4 e6 3. Nc3 Bb4 4. e3 O-O 5. Bd3 d5 6. Nf3 dxc4 7. Bxc4 b6 8. O-O Bb7 9. Bd2 Nbd7 10. Qe2 c5 11. a3 Bxc3 12. Bxc3 Ne4 13. Rac1 {E52: Nimzo-Indian: Rubinstein: 4...0-0 5 Nf3 d5 6 Bd3 b6.} (13. Bd3 {is interesting.} Rc8 14. Rfc1 Nxc3 15. bxc3 h6 16. a4) 13... Nxc3 14. Rxc3 Bxf3 15. Qxf3 {The position is equal.} cxd4 16. exd4 Nf6 {[#]} 17. Rd1 $146 ({Predecessor:} 17. d5 exd5 18. Rd1 Rc8 19. Bxd5 Rxc3 20. bxc3 Nxd5 {½-½ (20) Delgado,R (2084)-Willmann,B (2114) LSS email 2014}) 17... Qd6 18. d5 Rad8 {[%cal Re6d5]} 19. Rcd3 {And now dxe6 would win.} e5 {Hoping for ...e4.} 20. Rc3 e4 21. Qg3 Rfe8 22. Qxd6 Rxd6 23. Bb3 Kf8 24. Rc7 Re7 25. Rc8+ Re8 26. Rc7 a6 27. Ra7 b5 28. Rc1 {Black must now prevent Rcc7.} Nxd5 29. Rd1 Red8 30. g4 g5 31. Rd4 Ne7 32. Rxe4 R8d7 33. Rxd7 Rxd7 $11 {[%mdl 4096] Endgame KRB-KRN} 34. Kf1 Rd2 35. Re2 Rd4 36. h3 Ng6 37. Bc2 Nf4 38. Re3 h6 (38... Rd2 $5 {[%cal Rd2c2]} 39. Rc3 Nxh3 $1 $15 {[%mdl 512]}) 39. Rc3 Ke7 40. Ke1 Kd6 41. Rf3 a5 42. Rg3 Kc5 43. Rf3 f6 44. Rg3 b4 45. axb4+ axb4 46. Rf3 Kb5 47. Rg3 Kc4 48. Bb3+ Kc5 49. Bc2 Rd8 50. Rf3 Rd6 51. Bf5 $2 {[#] This costs White the game.} (51. Bh7 $15) 51... Ng2+ $1 $19 52. Ke2 {[#]} Nh4 $1 {[%cal Rh4f3]} 53. Re3 Nxf5 54. gxf5 {KR-KR} Rd5 55. Rf3 Rd4 56. b3 $2 (56. Re3 Rf4 57. Re8) 56... Kd5 57. Ke3 (57. Kf1 {was called for.} Ke4 58. Re3+ Kxf5 59. Rf3+ Rf4 60. Rg3) 57... h5 58. Ke2 Ke5 59. Ke3 (59. Rg3 $142 Kxf5 60. Rf3+ Ke5 61. Rg3) 59... Re4+ 60. Kd3 Rf4 61. Re3+ {Cut Off at move 61} Kxf5 62. Re2 h4 63. Ra2 Rf3+ {[%mdl 64] Double Attack} 64. Kc4 Rxh3 65. Kxb4 Rf3 66. Kc4 h3 {Black mates.} 67. b4 h2 68. Ra1 Rxf2 69. b5 g4 70. b6 Rb2 {Weighted Error Value: White=0.34/Black=0.08} 0-1

[Event "XXVII RUS-chT Premier 2020"]
[Site "Sochi"]
[Date "2020.11.20"]
[Round "2.13"]
[White "Artemiev, Vladislav"]
[Black "Lobanov, Sergei"]
[Result "1-0"]
[WhiteElo "2708"]
[BlackElo "2522"]
[Annotator "TA"]
[PlyCount "55"]
[EventDate "2020.11.19"]
[EventType "team-tourn"]
[EventCountry "RUS"]
[SourceTitle "playchess.com"]
[Source "ChessBase"]
[SourceQuality "1"]

{[%evp 9,55,26,22,23,32,16,33,32,35,29,34,36,35,26,38,25,50,52,100,100,91,90,95,100,109,117,158,142,139,141,142,143,139,128,348,341,350,354,349,349,350,340,339,327,467,468,463,458]} 1. d4 Nf6 2. Nf3 g6 3. e3 Bg7 4. Be2 c5 5. O-O cxd4 6. exd4 {A48: 1 d4 Nf6 2 Nf3 g6: Torre, London and Colle Systems.} O-O 7. Re1 d5 8. c3 {White is slightly better.} Nc6 9. Bf4 Bf5 10. Nbd2 a6 {[#]} 11. Qb3 $5 $146 {[%mdl 8] An interesting novelty.} ({Predecessor:} 11. a4 Re8 12. h3 Rc8 13. Ne5 Nd7 14. Nxc6 Rxc6 15. Qb3 e5 16. dxe5 Nxe5 17. Bxe5 Bxe5 {0-1 (45) Denoth,M (2220)-Hug,M (2195) Switzerland 1994}) 11... Na5 12. Qb4 Ra7 13. Ne5 Nd7 14. Nxd7 Nc6 15. Qb6 Qxd7 16. Nb3 Rc8 17. Bf3 e6 18. Nc5 Qd8 19. Qxd8+ Nxd8 20. g4 $36 {[%mdl 2048] White is on the roll.} Bc2 21. Nd7 {Threatens to win with Nb6.} f5 $2 {This move loses the game for Black.} (21... Be4 $16) 22. Nb6 $18 Rc6 {[#]} 23. Nxd5 $1 {[%mdl 512]} exd5 24. Re8+ {[%mdl 64] Double Attack} ({Weaker is} 24. Bxd5+ Kf8 $16) 24... Kf7 25. Rxd8 Be4 26. Bxe4 dxe4 (26... fxe4 $142 27. Rd7+ Kg8 28. Rd8+ Kf7 29. Rxd5 b5) 27. d5 Rc4 28. Rd7+ {Weighted Error Value: White=0.03/Black=0.25} 1-0

[Event "XXVII RUS-chT Premier 2020"]
[Site "Sochi"]
[Date "2020.11.20"]
[Round "2.14"]
[White "Shubin, Kirill"]
[Black "Timofeev, Artyom"]
[Result "1/2-1/2"]
[WhiteElo "2441"]
[BlackElo "2585"]
[Annotator "ChessBase"]
[PlyCount "81"]
[EventDate "2020.11.19"]
[EventType "team-tourn"]
[EventCountry "RUS"]
[SourceTitle "playchess.com"]
[Source "ChessBase"]
[SourceQuality "1"]
[TimeControl "40/5400+30:1800+30"]

1. e4 {[%emt 0:00:00]} g6 {[%emt 0:00:00]} 2. d4 {[%emt 0:00:00]} Bg7 {[%emt 0:00:00]} 3. Nf3 {[%emt 0:00:04]} d6 {[%emt 0:01:56]} 4. Nc3 {[%emt 0:02:40]} c6 {[%emt 0:02:54]} 5. Be3 {[%emt 0:03:13]} b5 {[%emt 0:04:26]} 6. Qd2 {[%emt 0:03:11]} Nd7 {[%emt 0:03:33]} 7. Bd3 {[%emt 0:10:56]} Nb6 {[%emt 0:06:23]} 8. h3 {[%emt 0:04:04]} a5 {[%emt 0:08:50]} 9. O-O {[%emt 0:02:48]} Nf6 {[%emt 0:06:21]} 10. Bh6 {[%emt 0:03:56]} O-O {[%emt 0:02:11]} 11. Bxg7 {[%emt 0:00:54]} Kxg7 {[%emt 0:00:08]} 12. e5 {[%emt 0:02:59]} dxe5 {[%emt 0:04:32]} 13. dxe5 {[%emt 0:00:28]} Nfd5 {[%emt 0:01:09]} 14. Nxd5 {[%emt 0:04:17]} Qxd5 {[%emt 0:00:33]} 15. Qe3 {[%emt 0:00:48]} Qd8 {[%emt 0:20:49]} 16. Be4 {[%emt 0:11:53]} Qc7 {[%emt 0:04:09]} 17. Qc5 {[%emt 0:08:19]} Ba6 {[%emt 0:02:42]} 18. b3 {[%emt 0:04:52]} Nd7 {[%emt 0:03:38]} 19. Qxc6 {[%emt 0:00:32]} Qa7 {[%emt 0:00:13]} 20. Qc3 {[%emt 0:10:29]} b4 {[%emt 0:01:24]} 21. Qd4 {[%emt 0:00:06]} Bxf1 {[%emt 0:08:29]} 22. Bxa8 {[%emt 0:00:04]} Qxd4 {[%emt 0:02:08]} 23. Nxd4 {[%emt 0:00:22]} Rxa8 {[%emt 0:01:52]} 24. Kxf1 {[%emt 0:02:25]} Nxe5 {[%emt 0:00:08]} 25. Re1 {[%emt 0:00:08]} Kf6 {[%emt 0:00:11]} 26. f4 {[%emt 0:06:17]} Nd7 {[%emt 0:00:17]} 27. a3 {[%emt 0:01:15]} bxa3 {[%emt 0:07:51]} 28. Ra1 {[%emt 0:00:10]} a4 {[%emt 0:00:20]} 29. Rxa3 {[%emt 0:00:15]} axb3 {[%emt 0:00:41]} 30. Rxb3 {[%emt 0:00:02]} Ra4 {[%emt 0:00:31]} 31. Ne2 {[%emt 0:00:11]} Nc5 {[%emt 0:00:52]} 32. Re3 {[%emt 0:00:12]} h5 {[%emt 0:02:55]} 33. g3 {[%emt 0:00:23]} e6 {[%emt 0:00:17]} 34. Kg2 {[%emt 0:00:21]} Ke7 {[%emt 0:01:15]} 35. Kf3 {[%emt 0:00:09]} Kd6 {[%emt 0:00:38]} 36. Rc3 {[%emt 0:01:54]} Ra1 {[%emt 0:02:09]} 37. Rc4 {[%emt 0:01:30]} Rf1+ {[%emt 0:00:19]} 38. Kg2 {[%emt 0:00:11]} Ra1 {[%emt 0:00:51]} 39. Kf3 {[%emt 0:00:08]} Ra3+ {[%emt 0:00:15]} 40. Rc3 {[%emt 0:00:00]} Ra4 {[%emt 0:00:00]} 41. Re3 {[%emt 0:00:45]} 1/2-1/2

[Event "XXVII RUS-chT Premier 2020"]
[Site "Sochi"]
[Date "2020.11.20"]
[Round "2.15"]
[White "Gaifullin, Artur"]
[Black "Usmanov, Vasily"]
[Result "1-0"]
[WhiteElo "2460"]
[BlackElo "2442"]
[Annotator "ChessBase"]
[PlyCount "119"]
[EventDate "2020.11.19"]
[EventType "team-tourn"]
[EventCountry "RUS"]
[SourceTitle "playchess.com"]
[Source "ChessBase"]
[SourceQuality "1"]
[TimeControl "40/5400+30:1800+30"]

1. d4 {[%emt 0:00:00]} Nf6 {[%emt 0:00:00]} 2. Nf3 {[%emt 0:00:00]} e6 {[%emt 0:00:00]} 3. g3 {[%emt 0:00:00]} Be7 {[%emt 0:01:59]} 4. Bg2 {[%emt 0:00:00]} O-O {[%emt 0:00:08]} 5. c4 {[%emt 0:00:02]} d5 {[%emt 0:00:15]} 6. O-O {[%emt 0:00:06]} c6 {[%emt 0:01:57]} 7. Qc2 {[%emt 0:00:10]} b6 {[%emt 0:01:18]} 8. Rd1 {[%emt 0:00:53]} Bb7 {[%emt 0:00:29]} 9. Nc3 {[%emt 0:00:08]} Nbd7 {[%emt 0:01:18]} 10. e4 {[%emt 0:00:56]} dxc4 {[%emt 0:00:06]} 11. a4 {[%emt 0:01:14]} a6 {[%emt 0:06:04]} 12. e5 {[%emt 0:11:25]} Nd5 {[%emt 0:00:07]} 13. Ne4 {[%emt 0:00:04]} b5 {[%emt 0:00:27]} 14. Bg5 {[%emt 0:00:57]} c5 {[%emt 0:00:23]} 15. dxc5 {[%emt 0:34:20]} Nb4 {[%emt 0:01:08]} 16. Qc3 {[%emt 0:04:05]} Bxe4 {[%emt 0:05:07]} 17. Qxb4 {[%emt 0:00:16]} Bxg5 {[%emt 0:18:00]} 18. Nxg5 {[%emt 0:00:10]} Bxg2 {[%emt 0:00:05]} 19. Kxg2 {[%emt 0:00:12]} Qc7 {[%emt 0:10:43]} 20. axb5 {[%emt 0:03:27]} axb5 {[%emt 0:01:25]} 21. Qxb5 {[%emt 0:05:16]} Nxe5 {[%emt 0:05:07]} 22. Rxa8 {[%emt 0:00:52]} Rxa8 {[%emt 0:00:13]} 23. Rd6 {[%emt 0:00:28]} h6 {[%emt 0:11:46]} 24. Ne4 {[%emt 0:01:32]} f5 {[%emt 0:05:04]} 25. c6 {[%emt 0:27:50]} Ra5 {[%emt 0:12:20]} 26. Qb7 {[%emt 0:00:20]} Ra7 {[%emt 0:00:15]} 27. Qxc7 {[%emt 0:00:58]} Rxc7 {[%emt 0:00:07]} 28. Rxe6 {[%emt 0:00:04]} fxe4 {[%emt 0:04:33]} 29. Rxe5 {[%emt 0:00:05]} Rxc6 {[%emt 0:00:08]} 30. Rxe4 {[%emt 0:00:13]} c3 {[%emt 0:00:03]} 31. bxc3 {[%emt 0:00:32]} Rxc3 {[%emt 0:00:04]} 32. g4 {[%emt 0:00:08]} Kh7 {[%emt 0:01:21]} 33. Re3 {[%emt 0:01:06]} Rc5 {[%emt 0:00:14]} 34. h4 {[%emt 0:00:55]} h5 {[%emt 0:00:27]} 35. g5 {[%emt 0:00:35]} Rc4 {[%emt 0:00:12]} 36. Kg3 {[%emt 0:00:12]} Rg4+ {[%emt 0:00:11]} 37. Kh3 {[%emt 0:00:02]} Kg6 {[%emt 0:01:05]} 38. f3 {[%emt 0:00:11]} Ra4 {[%emt 0:00:39]} 39. Kg3 {[%emt 0:00:06]} Rb4 {[%emt 0:00:59]} 40. Re4 {[%emt 0:00:00]} Rb6 {[%emt 0:00:00]} 41. Kf4 {[%emt 0:01:00]} Ra6 {[%emt 0:00:34]} 42. Rd4 {[%emt 0:00:21]} Re6 {[%emt 0:00:11]} 43. Rd5 {[%emt 0:00:09]} Ra6 {[%emt 0:01:10]} 44. Ke5 {[%emt 0:00:30]} Ra1 {[%emt 0:07:25]} 45. Rd6+ {[%emt 0:00:23]} Kh7 {[%emt 0:02:11]} 46. f4 {[%emt 0:00:15]} Re1+ {[%emt 0:02:00]} 47. Kf5 {[%emt 0:00:58]} Re8 {[%emt 0:03:25]} 48. Re6 {[%emt 0:01:26]} Ra8 {[%emt 0:00:18]} 49. Re7 {[%emt 0:00:29]} Ra6 {[%emt 0:02:40]} 50. Ke5 {[%emt 0:00:13]} Ra5+ {[%emt 0:01:33]} 51. Ke6 {[%emt 0:00:06]} Ra6+ {[%emt 0:00:53]} 52. Kf5 {[%emt 0:11:54]} Ra5+ {[%emt 0:00:13]} 53. Re5 {[%emt 0:00:02]} Ra6 {[%emt 0:00:48]} 54. Rd5 {[%emt 0:01:13]} Ra4 {[%emt 0:07:29]} 55. Ke5 {[%emt 0:00:36]} g6 {[%emt 0:02:58]} 56. Rd7+ {[%emt 0:13:55]} Kg8 {[%emt 0:00:16]} 57. f5 {[%emt 0:00:48]} gxf5 {[%emt 0:02:52]} 58. Kf6 {[%emt 0:00:26]} Ra6+ {[%emt 0:10:33]} 59. Kxf5 {[%emt 0:00:09]} Rb6 {[%emt 0:01:06]} 60. g6 {[%emt 0:00:10]} 1-0

[Event "XXVII RUS-chT Premier 2020"]
[Site "Sochi"]
[Date "2020.11.20"]
[Round "2.16"]
[White "Pershin, Denis"]
[Black "Makhmutov, Rail"]
[Result "1/2-1/2"]
[WhiteElo "2387"]
[BlackElo "2442"]
[Annotator "NA"]
[PlyCount "95"]
[EventDate "2020.11.19"]
[EventType "team-tourn"]
[EventCountry "RUS"]
[SourceTitle "playchess.com"]
[Source "ChessBase"]
[SourceQuality "1"]
[TimeControl "40/5400+30:1800+30"]

1. d4 {[%emt 0:00:00]} Nf6 {[%emt 0:00:00]} 2. c4 {[%emt 0:00:00]} e6 {[%emt 0:00:00]} 3. Nc3 {[%emt 0:00:00]} Bb4 {[%emt 0:00:00]} 4. Qc2 {[%emt 0:00:15]} O-O {[%emt 0:00:09]} 5. e4 {[%emt 0:00:19]} d5 {[%emt 0:00:15]} 6. e5 {[%emt 0:00:11]} Ne4 {[%emt 0:00:08]} 7. Bd3 {[%emt 0:00:09]} c5 {[%emt 0:00:43]} 8. Nf3 {[%emt 0:00:11]} cxd4 {[%emt 0:00:29]} 9. Nxd4 {[%emt 0:00:09]} Nd7 {[%emt 0:00:30]} 10. Bf4 {[%emt 0:00:11]} Ndc5 {[%emt 0:00:32]} 11. O-O {[%emt 0:00:37]} Bxc3 {[%emt 0:01:34]} 12. bxc3 {[%emt 0:00:06]} Bd7 {[%emt 0:01:02]} 13. Be2 {[%emt 0:03:39]} Na4 {[%emt 0:02:42]} 14. cxd5 {[%emt 0:00:38]} exd5 {[%emt 0:00:02]} 15. f3 {[%emt 0:00:16] now scores much better than the old 15.c4. 15.Bd3 is vanishing.} Nexc3 {[%emt 0:00:45]} 16. Bd3 {[%emt 0:00:06]} g6 {[%emt 0:02:35]} 17. Qd2 {[%emt 0:00:11] [#]} b5 $146 {[%emt 0:03:22]} ({Predecessor:} 17... Re8 18. Rfe1 Rc8 19. Kh1 Qb6 20. Bf1 Qb2 21. Qe3 Nc5 22. Bg5 Qb6 23. Qd2 Ne6 {½-½ (75) Napalkov,V (2506)-Lelenko,A (2466) ICCF email 2013}) 18. Kh1 {[%emt 0:15:28]} Qb6 {[%emt 0:15:40]} 19. Be3 {[%emt 0:14:02]} Qc7 {[%emt 0:01:03]} 20. Bh6 {[%emt 0:10:39]} (20. Rae1 $16) 20... Qxe5 {[%emt 0:13:42]} 21. Bxf8 {[%emt 0:00:09]} Rxf8 {[%emt 0:00:09]} 22. Bc2 {[%emt 0:00:21]} b4 {[%emt 0:01:22]} 23. f4 {[%emt 0:10:03]} Qf6 {[%emt 0:09:08]} 24. f5 {[%emt 0:15:28]} g5 {[%emt 0:03:44]} 25. Rae1 {[%emt 0:00:22]} Nc5 $11 {[%emt 0:10:52]} 26. Nf3 {[%emt 0:09:34]} Bb5 {[%emt 0:04:11]} 27. Ne5 {[%emt 0:00:13]} N5e4 {[%emt 0:15:00]} 28. Bxe4 {[%emt 0:05:00]} Nxe4 {[%emt 0:02:27]} 29. Qxd5 {[%emt 0:00:21]} Nc3 {[%emt 0:03:36]} 30. Qc5 {[%emt 0:12:10]} Bxf1 {[%emt 0:00:03]} 31. Nd7 {[%emt 0:02:22]} Qh6 {[%emt 0:01:46]} 32. Nxf8 {[%emt 0:02:03]} Qxf8 {[%emt 0:00:19]} 33. Qe3 {[%emt 0:00:28]} Bxg2+ {[%emt 0:01:37]} 34. Kxg2 {[%emt 0:00:06]} Qd8 {[%emt 0:00:14]} 35. Qe8+ {[%emt 0:01:04]} Qxe8 {[%emt 0:00:08]} 36. Rxe8+ {[%emt 0:00:01]} Kg7 {[%emt 0:00:01]} 37. Ra8 {[%emt 0:00:24]} Nxa2 {[%emt 0:00:48]} 38. Rxa7 {[%emt 0:00:03]} Nc3 {[%emt 0:00:16]} 39. Ra6 {[%emt 0:01:01]} b3 {[%emt 0:06:07]} 40. Rb6 {[%emt 0:00:00]} Nd5 {[%emt 0:00:00]} 41. Rxb3 {[%emt 0:00:19]} Kf6 {[%emt 0:12:42]} 42. Rb5 {[%emt 0:00:15]} Ne3+ {[%emt 0:04:40]} 43. Kf3 {[%emt 0:00:08]} Nxf5 {[%emt 0:00:04]} 44. Rb6+ {[%emt 0:00:13]} Ke5 {[%emt 0:03:19]} 45. Kg4 {[%emt 0:00:39]} Nd4 {[%emt 0:01:25]} 46. Kxg5 {[%emt 0:03:24]} Nf3+ {[%emt 0:00:08]} 47. Kh6 {[%emt 0:00:35]} Nxh2 {[%emt 0:00:07]} 48. Kxh7 {[%emt 0:00:10]} 1/2-1/2

[Event "XXVII RUS-chT Premier 2020"]
[Site "Sochi"]
[Date "2020.11.20"]
[Round "2.17"]
[White "Samusenko, Maksim"]
[Black "Timerkhanov, Alexander"]
[Result "1-0"]
[WhiteElo "2466"]
[BlackElo "2379"]
[Annotator "ChessBase"]
[PlyCount "153"]
[EventDate "2020.11.19"]
[EventType "team-tourn"]
[EventCountry "RUS"]
[SourceTitle "playchess.com"]
[Source "ChessBase"]
[SourceQuality "1"]
[TimeControl "40/5400+30:1800+30"]

1. e4 {[%emt 0:00:00]} c5 {[%emt 0:00:04]} 2. Nf3 {[%emt 0:00:00]} d6 {[%emt 0:01:00]} 3. d4 {[%emt 0:00:26]} cxd4 {[%emt 0:00:06]} 4. Nxd4 {[%emt 0:00:06]} Nf6 {[%emt 0:00:07]} 5. Nc3 {[%emt 0:00:23]} a6 {[%emt 0:00:22]} 6. f4 {[%emt 0:00:48]} e5 {[%emt 0:00:32]} 7. Nf3 {[%emt 0:00:42]} Nbd7 {[%emt 0:01:08]} 8. Bd3 {[%emt 0:01:21]} Be7 {[%emt 0:00:13]} 9. O-O {[%emt 0:00:25]} exf4 {[%emt 0:03:38]} 10. Kh1 {[%emt 0:07:38]} Nc5 {[%emt 0:01:06]} 11. Bxf4 {[%emt 0:02:51]} Bg4 {[%emt 0:01:22]} 12. Qd2 {[%emt 0:13:35]} O-O {[%emt 0:03:59]} 13. Rae1 {[%emt 0:08:56]} Rc8 {[%emt 0:06:39]} 14. Nd4 {[%emt 0:09:25]} Re8 {[%emt 0:05:03]} 15. Qf2 {[%emt 0:05:37]} Nxd3 {[%emt 0:03:28]} 16. cxd3 {[%emt 0:00:07]} Qd7 {[%emt 0:00:32]} 17. Be3 {[%emt 0:08:31]} Bd8 {[%emt 0:01:50]} 18. h3 {[%emt 0:10:34]} Be6 {[%emt 0:01:13]} 19. Qf3 {[%emt 0:00:33]} Bc7 {[%emt 0:16:35]} 20. Bf2 {[%emt 0:06:35]} h6 {[%emt 0:01:30]} 21. Bh4 {[%emt 0:04:25]} Bd8 {[%emt 0:01:24]} 22. Bg3 {[%emt 0:01:14]} Ba5 {[%emt 0:01:16]} 23. Rc1 {[%emt 0:01:31]} Bb6 {[%emt 0:03:42]} 24. Bf2 {[%emt 0:01:04]} Bc7 {[%emt 0:00:32]} 25. Rce1 {[%emt 0:01:49]} Ba5 {[%emt 0:00:52]} 26. Be3 {[%emt 0:01:35]} Bd8 {[%emt 0:05:07]} 27. Re2 {[%emt 0:00:59]} d5 {[%emt 0:05:58]} 28. e5 {[%emt 0:00:38]} Nh7 {[%emt 0:00:04]} 29. Qg3 {[%emt 0:01:15]} Bg5 {[%emt 0:01:24]} 30. h4 {[%emt 0:02:45]} Bxe3 {[%emt 0:00:05]} 31. Rxe3 {[%emt 0:00:08]} Re7 {[%emt 0:09:25]} 32. Ref3 {[%emt 0:00:52]} Rce8 {[%emt 0:04:16]} 33. Nf5 {[%emt 0:03:54]} Bxf5 {[%emt 0:00:06]} 34. Rxf5 {[%emt 0:00:01]} Kh8 {[%emt 0:02:48]} 35. d4 {[%emt 0:01:01]} f6 {[%emt 0:03:33]} 36. Ne2 {[%emt 0:00:56]} fxe5 {[%emt 0:00:03]} 37. dxe5 {[%emt 0:00:13]} d4 {[%emt 0:00:57]} 38. Nf4 {[%emt 0:01:03]} Qxf5 {[%emt 0:08:12]} 39. Ng6+ {[%emt 0:00:05]} Qxg6 {[%emt 0:00:05]} 40. Qxg6 {[%emt 0:00:00]} Nf8 {[%emt 0:00:00]} 41. Qd6 {[%emt 0:19:28]} Nd7 {[%emt 0:08:01]} 42. Qxd4 {[%emt 0:02:36]} Nxe5 {[%emt 0:00:11]} 43. h5 {[%emt 0:04:04]} Nd7 {[%emt 0:02:24]} 44. Kh2 {[%emt 0:02:04]} Kh7 {[%emt 0:04:05]} 45. Qd3+ {[%emt 0:00:32]} Kh8 {[%emt 0:00:05]} 46. Qd6 {[%emt 0:00:46]} Kh7 {[%emt 0:02:42]} 47. Qg6+ {[%emt 0:00:25]} Kg8 {[%emt 0:00:06]} 48. Rf4 {[%emt 0:01:06]} Nf8 {[%emt 0:00:52]} 49. Qf5 {[%emt 0:00:43]} Nh7 {[%emt 0:06:30]} 50. Qd5+ {[%emt 0:00:17]} Kh8 {[%emt 0:00:04]} 51. Rf7 {[%emt 0:01:46]} Nf6 {[%emt 0:05:03]} 52. Rxe7 {[%emt 0:00:28]} Rxe7 {[%emt 0:00:02]} 53. Qd8+ {[%emt 0:00:13]} Ng8 {[%emt 0:01:28]} 54. a4 {[%emt 0:00:57]} Rf7 {[%emt 0:01:48]} 55. b4 {[%emt 0:00:58]} Kh7 {[%emt 0:02:15]} 56. Qd3+ {[%emt 0:00:26]} Kh8 {[%emt 0:00:05]} 57. Qd5 {[%emt 0:00:21]} Re7 {[%emt 0:00:07]} 58. Qd8 {[%emt 0:00:53]} Re6 {[%emt 0:01:02]} 59. Qc8 {[%emt 0:00:34]} Rb6 {[%emt 0:02:25]} 60. Qc5 {[%emt 0:02:21]} Re6 {[%emt 0:00:13]} 61. Kg3 {[%emt 0:00:46]} Rc6 {[%emt 0:00:08]} 62. Qe5 {[%emt 0:01:09]} Rb6 {[%emt 0:00:35]} 63. Qd4 {[%emt 0:00:12]} Re6 {[%emt 0:00:21]} 64. Kf4 {[%emt 0:00:57]} Re7 {[%emt 0:00:10]} 65. Kf5 {[%emt 0:01:12]} Rf7+ {[%emt 0:00:27]} 66. Ke6 {[%emt 0:00:36]} Re7+ {[%emt 0:00:17]} 67. Kd6 {[%emt 0:00:24]} Rf7 {[%emt 0:00:11]} 68. Qd5 {[%emt 0:00:48]} Rf6+ {[%emt 0:02:03]} 69. Kc7 {[%emt 0:00:15]} b6 {[%emt 0:00:38]} 70. Kb7 {[%emt 0:00:52]} b5 {[%emt 0:00:54]} 71. axb5 {[%emt 0:00:20]} axb5 {[%emt 0:00:11]} 72. Qxb5 {[%emt 0:00:10]} Rf7+ {[%emt 0:00:05]} 73. Ka6 {[%emt 0:00:41]} Nf6 {[%emt 0:00:09]} 74. Qf5 {[%emt 0:01:06]} Kg8 {[%emt 0:00:05]} 75. Qc8+ {[%emt 0:00:42]} Kh7 {[%emt 0:00:05]} 76. Qe6 {[%emt 0:00:34]} Kg8 {[%emt 0:00:49]} 77. b5 {[%emt 0:00:24]} 1-0

[Event "XXVII RUS-chT Premier 2020"]
[Site "Sochi"]
[Date "2020.11.20"]
[Round "2.18"]
[White "Askerov, Marat"]
[Black "Faizrakhmanov, Ramil"]
[Result "1/2-1/2"]
[WhiteElo "2338"]
[BlackElo "2450"]
[Annotator "ChessBase"]
[PlyCount "119"]
[EventDate "2020.11.19"]
[EventType "team-tourn"]
[EventCountry "RUS"]
[SourceTitle "playchess.com"]
[Source "ChessBase"]
[SourceQuality "1"]
[TimeControl "40/5400+30:1800+30"]

1. d4 {[%emt 0:00:00]} Nf6 {[%emt 0:00:00]} 2. c4 {[%emt 0:00:00]} e6 {[%emt 0:00:00]} 3. Nf3 {[%emt 0:00:00]} b6 {[%emt 0:00:08]} 4. g3 {[%emt 0:00:00]} Ba6 {[%emt 0:00:26]} 5. b3 {[%emt 0:00:00]} Bb7 {[%emt 0:01:01]} 6. Bg2 {[%emt 0:00:06]} Bb4+ {[%emt 0:00:42]} 7. Bd2 {[%emt 0:00:07]} a5 {[%emt 0:00:15]} 8. O-O {[%emt 0:00:08]} O-O {[%emt 0:00:13]} 9. Nc3 {[%emt 0:00:20]} d5 {[%emt 0:01:13]} 10. cxd5 {[%emt 0:04:30]} exd5 {[%emt 0:00:39]} 11. Ne5 {[%emt 0:03:23]} Re8 {[%emt 0:02:24]} 12. a3 {[%emt 0:06:56]} Bd6 {[%emt 0:02:47]} 13. Bg5 {[%emt 0:10:22]} Be7 {[%emt 0:06:26]} 14. Qd2 {[%emt 0:08:31]} Ne4 {[%emt 0:06:18]} 15. Nxe4 {[%emt 0:03:52]} dxe4 {[%emt 0:00:50]} 16. Bxe7 {[%emt 0:08:35]} Rxe7 {[%emt 0:00:23]} 17. Qc3 {[%emt 0:03:46]} f6 {[%emt 0:09:49]} 18. Nc4 {[%emt 0:00:22]} Rd7 {[%emt 0:00:39]} 19. e3 {[%emt 0:04:42]} Qe7 {[%emt 0:01:53]} 20. b4 {[%emt 0:03:37]} axb4 {[%emt 0:07:34]} 21. axb4 {[%emt 0:00:12]} Rxa1 {[%emt 0:00:59]} 22. Rxa1 {[%emt 0:00:07]} Nc6 {[%emt 0:00:37]} 23. b5 {[%emt 0:05:51]} Nd8 {[%emt 0:01:41]} 24. Ra7 {[%emt 0:03:23]} Bd5 {[%emt 0:07:04]} 25. Nd2 {[%emt 0:04:03]} f5 {[%emt 0:03:19]} 26. Bh3 {[%emt 0:03:14]} g6 {[%emt 0:02:53]} 27. Bf1 {[%emt 0:05:19]} Kg7 {[%emt 0:00:26]} 28. Bc4 {[%emt 0:03:58]} Ne6 {[%emt 0:03:00]} 29. Bxd5 {[%emt 0:05:25]} Rxd5 {[%emt 0:00:07]} 30. Nc4 {[%emt 0:00:31]} Kh6 {[%emt 0:04:04]} 31. Qb3 {[%emt 0:02:20]} Qd7 {[%emt 0:13:15]} 32. Nxb6 {[%emt 0:03:36]} Rxb5 {[%emt 0:00:07]} 33. Nxd7 {[%emt 0:00:31]} Rxb3 {[%emt 0:00:06]} 34. Kg2 {[%emt 0:04:23]} Rb1 {[%emt 0:01:37]} 35. h4 {[%emt 0:00:59]} Rd1 {[%emt 0:00:42]} 36. Ra6 {[%emt 0:01:35]} Nd8 {[%emt 0:01:58]} 37. Ra8 {[%emt 0:00:32]} Nf7 {[%emt 0:02:31]} 38. Re8 {[%emt 0:01:50]} Nd6 {[%emt 0:02:09]} 39. Re7 {[%emt 0:00:38]} Nc8 {[%emt 0:00:39]} 40. Re8 {[%emt 0:00:00]} Nd6 {[%emt 0:00:00]} 41. Re7 {[%emt 0:03:39]} Nc8 {[%emt 0:02:27]} 42. Re6 {[%emt 0:02:07]} Rc1 {[%emt 0:01:24]} 43. g4 {[%emt 0:03:12]} fxg4 {[%emt 0:06:39]} 44. Rxe4 {[%emt 0:00:33]} Nd6 {[%emt 0:02:19]} 45. Rxg4 {[%emt 0:00:17]} Nf5 {[%emt 0:04:34]} 46. Re4 {[%emt 0:01:35]} Rc2 {[%emt 0:03:21]} 47. Kf3 {[%emt 0:06:14]} Rc1 {[%emt 0:00:38]} 48. Nc5 {[%emt 0:06:10]} Rh1 {[%emt 0:03:04]} 49. Ne6 {[%emt 0:00:30]} c6 {[%emt 0:01:17]} 50. Nd8 {[%emt 0:01:13]} Rc1 {[%emt 0:00:30]} 51. Re6 {[%emt 0:03:57]} c5 {[%emt 0:01:30]} 52. d5 {[%emt 0:02:48]} Rd1 {[%emt 0:02:46]} 53. Ke4 {[%emt 0:00:32]} Rd2 {[%emt 0:00:35]} 54. d6 {[%emt 0:03:14]} c4 {[%emt 0:00:39]} 55. Nb7 {[%emt 0:02:33]} c3 {[%emt 0:02:10]} 56. Re5 {[%emt 0:00:25]} Nxd6+ {[%emt 0:00:58]} 57. Nxd6 {[%emt 0:00:05]} Rxd6 {[%emt 0:00:04]} 58. Rc5 {[%emt 0:00:02]} Rd2 {[%emt 0:00:28]} 59. Kf3 {[%emt 0:01:14]} Rc2 {[%emt 0:02:27]} 60. e4 {[%emt 0:00:48]} 1/2-1/2